<?xml version="1.0" encoding="UTF-8"?>
<collection xmlns="http://www.loc.gov/MARC21/slim">
 <record>
  <leader>11031nas a22011171  4500</leader>
  <controlfield tag="001">1/50264</controlfield>
  <controlfield tag="008">020307c19759999nyubr1p           a0eng d</controlfield>
  <datafield tag="022" ind1=" " ind2=" ">
   <subfield code="a">0098-5589</subfield>
  </datafield>
  <datafield tag="035" ind1=" " ind2=" ">
   <subfield code="l">23638</subfield>
  </datafield>
  <datafield tag="040" ind1=" " ind2=" ">
   <subfield code="a">DLC</subfield>
   <subfield code="b">GR-PeUP</subfield>
  </datafield>
  <datafield tag="090" ind1=" " ind2=" ">
   <subfield code="a">Αλφαβητική σειρά</subfield>
  </datafield>
  <datafield tag="245" ind1="0" ind2="0">
   <subfield code="a">IEEE transactions on software engineering</subfield>
  </datafield>
  <datafield tag="260" ind1=" " ind2=" ">
   <subfield code="a">New York, NY :</subfield>
   <subfield code="b">Institute of Electrical and Electronics Engineers,</subfield>
   <subfield code="c">1975-</subfield>
  </datafield>
  <datafield tag="300" ind1=" " ind2=" ">
   <subfield code="a">v. :</subfield>
   <subfield code="b">ill. ;</subfield>
   <subfield code="c">28 cm.</subfield>
  </datafield>
  <datafield tag="310" ind1=" " ind2=" ">
   <subfield code="a">Bimonthly</subfield>
  </datafield>
  <datafield tag="321" ind1=" " ind2=" ">
   <subfield code="a">Monthly,</subfield>
   <subfield code="b">1994-1998</subfield>
  </datafield>
  <datafield tag="362" ind1="0" ind2=" ">
   <subfield code="a">Vol.20, no.5(May 1994)-v.25, no.6(Nov./Dec. 1999)</subfield>
  </datafield>
  <datafield tag="546" ind1=" " ind2=" ">
   <subfield code="a">English</subfield>
  </datafield>
  <datafield tag="535" ind1="0" ind2=" ">
   <subfield code="a">Κλειστό Βιβλιοστάσιο.</subfield>
  </datafield>
  <datafield tag="650" ind1=" " ind2="4">
   <subfield code="a">Computer programming</subfield>
   <subfield code="v">Periodicals.</subfield>
  </datafield>
  <datafield tag="650" ind1=" " ind2="4">
   <subfield code="a">Software engineering</subfield>
   <subfield code="v">Periodicals.</subfield>
  </datafield>
  <datafield tag="650" ind1=" " ind2="4">
   <subfield code="a">Programming languages (Electronic computers)</subfield>
   <subfield code="v">Periodicals.</subfield>
  </datafield>
  <datafield tag="710" ind1="2" ind2=" ">
   <subfield code="a">IEEE Computer Society.</subfield>
  </datafield>
  <datafield tag="852" ind1=" " ind2=" ">
   <subfield code="a">INST</subfield>
   <subfield code="b">UNIPILB</subfield>
   <subfield code="c">SERIALS</subfield>
   <subfield code="e">20041122</subfield>
   <subfield code="h">Αλφαβητική σειρά</subfield>
   <subfield code="p">37736</subfield>
   <subfield code="q">37736</subfield>
   <subfield code="t">NOLOAN</subfield>
   <subfield code="v">vol.29;no.1:(Μήνας)January;(Έτος)2003</subfield>
   <subfield code="y">23</subfield>
  </datafield>
  <datafield tag="852" ind1=" " ind2=" ">
   <subfield code="a">INST</subfield>
   <subfield code="b">UNIPILB</subfield>
   <subfield code="c">SERIALS</subfield>
   <subfield code="e">20041122</subfield>
   <subfield code="h">Αλφαβητική σειρά</subfield>
   <subfield code="p">37737</subfield>
   <subfield code="q">37737</subfield>
   <subfield code="t">NOLOAN</subfield>
   <subfield code="v">vol.29;no.2:(Μήνας)February;(Έτος)2003</subfield>
   <subfield code="y">23</subfield>
  </datafield>
  <datafield tag="852" ind1=" " ind2=" ">
   <subfield code="a">INST</subfield>
   <subfield code="b">UNIPILB</subfield>
   <subfield code="c">SERIALS</subfield>
   <subfield code="e">20041122</subfield>
   <subfield code="h">Αλφαβητική σειρά</subfield>
   <subfield code="p">37738</subfield>
   <subfield code="q">37738</subfield>
   <subfield code="t">NOLOAN</subfield>
   <subfield code="v">vol.29;no.3:(Μήνας)March;(Έτος)2003</subfield>
   <subfield code="y">23</subfield>
  </datafield>
  <datafield tag="852" ind1=" " ind2=" ">
   <subfield code="a">INST</subfield>
   <subfield code="b">UNIPILB</subfield>
   <subfield code="c">SERIALS</subfield>
   <subfield code="e">20041122</subfield>
   <subfield code="h">Αλφαβητική σειρά</subfield>
   <subfield code="p">37739</subfield>
   <subfield code="q">37739</subfield>
   <subfield code="t">NOLOAN</subfield>
   <subfield code="v">vol.29;no.4:(Μήνας)April;(Έτος)2003</subfield>
   <subfield code="y">23</subfield>
  </datafield>
  <datafield tag="852" ind1=" " ind2=" ">
   <subfield code="a">INST</subfield>
   <subfield code="b">UNIPILB</subfield>
   <subfield code="c">SERIALS</subfield>
   <subfield code="e">20041122</subfield>
   <subfield code="h">Αλφαβητική σειρά</subfield>
   <subfield code="p">37740</subfield>
   <subfield code="q">37740</subfield>
   <subfield code="t">NOLOAN</subfield>
   <subfield code="v">vol.29;no.5:(Μήνας)May;(Έτος)2003</subfield>
   <subfield code="y">23</subfield>
  </datafield>
  <datafield tag="852" ind1=" " ind2=" ">
   <subfield code="a">INST</subfield>
   <subfield code="b">UNIPILB</subfield>
   <subfield code="c">SERIALS</subfield>
   <subfield code="e">20041122</subfield>
   <subfield code="h">Αλφαβητική σειρά</subfield>
   <subfield code="p">37741</subfield>
   <subfield code="q">37741</subfield>
   <subfield code="t">NOLOAN</subfield>
   <subfield code="v">vol.29;no.6:(Μήνας)June;(Έτος)2003</subfield>
   <subfield code="y">23</subfield>
  </datafield>
  <datafield tag="852" ind1=" " ind2=" ">
   <subfield code="a">INST</subfield>
   <subfield code="b">UNIPILB</subfield>
   <subfield code="c">SERIALS</subfield>
   <subfield code="e">20041122</subfield>
   <subfield code="h">Αλφαβητική σειρά</subfield>
   <subfield code="p">37742</subfield>
   <subfield code="q">37742</subfield>
   <subfield code="t">NOLOAN</subfield>
   <subfield code="v">vol.29;no.7:(Μήνας)July;(Έτος)2003</subfield>
   <subfield code="y">23</subfield>
  </datafield>
  <datafield tag="852" ind1=" " ind2=" ">
   <subfield code="a">INST</subfield>
   <subfield code="b">UNIPILB</subfield>
   <subfield code="c">SERIALS</subfield>
   <subfield code="e">20041122</subfield>
   <subfield code="h">Αλφαβητική σειρά</subfield>
   <subfield code="p">37743</subfield>
   <subfield code="q">37743</subfield>
   <subfield code="t">NOLOAN</subfield>
   <subfield code="v">vol.29;no.8:(Μήνας)August;(Έτος)2003</subfield>
   <subfield code="y">23</subfield>
  </datafield>
  <datafield tag="852" ind1=" " ind2=" ">
   <subfield code="a">INST</subfield>
   <subfield code="b">UNIPILB</subfield>
   <subfield code="c">SERIALS</subfield>
   <subfield code="e">20041122</subfield>
   <subfield code="h">Αλφαβητική σειρά</subfield>
   <subfield code="p">37744</subfield>
   <subfield code="q">37744</subfield>
   <subfield code="t">NOLOAN</subfield>
   <subfield code="v">vol.29;no.9:(Μήνας)September;(Έτος)2003</subfield>
   <subfield code="y">23</subfield>
  </datafield>
  <datafield tag="852" ind1=" " ind2=" ">
   <subfield code="a">INST</subfield>
   <subfield code="b">UNIPILB</subfield>
   <subfield code="c">SERIALS</subfield>
   <subfield code="e">20041122</subfield>
   <subfield code="h">Αλφαβητική σειρά</subfield>
   <subfield code="p">37745</subfield>
   <subfield code="q">37745</subfield>
   <subfield code="t">NOLOAN</subfield>
   <subfield code="v">vol.29;no.10:(Μήνας)October;(Έτος)2003</subfield>
   <subfield code="y">23</subfield>
  </datafield>
  <datafield tag="852" ind1=" " ind2=" ">
   <subfield code="a">INST</subfield>
   <subfield code="b">UNIPILB</subfield>
   <subfield code="c">SERIALS</subfield>
   <subfield code="e">20041122</subfield>
   <subfield code="h">Αλφαβητική σειρά</subfield>
   <subfield code="p">37746</subfield>
   <subfield code="q">37746</subfield>
   <subfield code="t">NOLOAN</subfield>
   <subfield code="v">vol.29;no.11:(Μήνας)November;(Έτος)2003</subfield>
   <subfield code="y">23</subfield>
  </datafield>
  <datafield tag="852" ind1=" " ind2=" ">
   <subfield code="a">INST</subfield>
   <subfield code="b">UNIPILB</subfield>
   <subfield code="c">SERIALS</subfield>
   <subfield code="e">20041122</subfield>
   <subfield code="h">Αλφαβητική σειρά</subfield>
   <subfield code="p">37747</subfield>
   <subfield code="q">37747</subfield>
   <subfield code="t">NOLOAN</subfield>
   <subfield code="v">vol.29;no.12:(Μήνας)December;(Έτος)2003</subfield>
   <subfield code="y">23</subfield>
  </datafield>
  <datafield tag="852" ind1=" " ind2=" ">
   <subfield code="a">INST</subfield>
   <subfield code="b">UNIPILB</subfield>
   <subfield code="c">SERIALS</subfield>
   <subfield code="e">20050405</subfield>
   <subfield code="h">Αλφαβητική σειρά</subfield>
   <subfield code="p">42060</subfield>
   <subfield code="q">42060</subfield>
   <subfield code="t">NOLOAN</subfield>
   <subfield code="v">vol.30;no.1:(Μήνας)January;(Έτος)2004</subfield>
   <subfield code="y">23</subfield>
  </datafield>
  <datafield tag="852" ind1=" " ind2=" ">
   <subfield code="a">INST</subfield>
   <subfield code="b">UNIPILB</subfield>
   <subfield code="c">SERIALS</subfield>
   <subfield code="e">20050405</subfield>
   <subfield code="h">Αλφαβητική σειρά</subfield>
   <subfield code="p">42061</subfield>
   <subfield code="q">42061</subfield>
   <subfield code="t">NOLOAN</subfield>
   <subfield code="v">vol.30;no.2:(Μήνας)February;(Έτος)2004</subfield>
   <subfield code="y">23</subfield>
  </datafield>
  <datafield tag="852" ind1=" " ind2=" ">
   <subfield code="a">INST</subfield>
   <subfield code="b">UNIPILB</subfield>
   <subfield code="c">SERIALS</subfield>
   <subfield code="e">20050405</subfield>
   <subfield code="h">Αλφαβητική σειρά</subfield>
   <subfield code="p">42062</subfield>
   <subfield code="q">42062</subfield>
   <subfield code="t">NOLOAN</subfield>
   <subfield code="v">vol.30;no.3:(Μήνας)March;(Έτος)2004</subfield>
   <subfield code="y">23</subfield>
  </datafield>
  <datafield tag="852" ind1=" " ind2=" ">
   <subfield code="a">INST</subfield>
   <subfield code="b">UNIPILB</subfield>
   <subfield code="c">SERIALS</subfield>
   <subfield code="e">20050405</subfield>
   <subfield code="h">Αλφαβητική σειρά</subfield>
   <subfield code="p">42063</subfield>
   <subfield code="q">42063</subfield>
   <subfield code="t">NOLOAN</subfield>
   <subfield code="v">vol.30;no.4:(Μήνας)April;(Έτος)2004</subfield>
   <subfield code="y">23</subfield>
  </datafield>
  <datafield tag="852" ind1=" " ind2=" ">
   <subfield code="a">INST</subfield>
   <subfield code="b">UNIPILB</subfield>
   <subfield code="c">SERIALS</subfield>
   <subfield code="e">20050405</subfield>
   <subfield code="h">Αλφαβητική σειρά</subfield>
   <subfield code="p">42064</subfield>
   <subfield code="q">42064</subfield>
   <subfield code="t">NOLOAN</subfield>
   <subfield code="v">vol.30;no.7:(Μήνας)July;(Έτος)2004</subfield>
   <subfield code="y">23</subfield>
  </datafield>
  <datafield tag="852" ind1=" " ind2=" ">
   <subfield code="a">INST</subfield>
   <subfield code="b">UNIPILB</subfield>
   <subfield code="c">SERIALS</subfield>
   <subfield code="e">20050405</subfield>
   <subfield code="h">Αλφαβητική σειρά</subfield>
   <subfield code="p">42065</subfield>
   <subfield code="q">42065</subfield>
   <subfield code="t">NOLOAN</subfield>
   <subfield code="v">vol.30;no.8:(Μήνας)August;(Έτος)2004</subfield>
   <subfield code="y">23</subfield>
  </datafield>
  <datafield tag="852" ind1=" " ind2=" ">
   <subfield code="a">INST</subfield>
   <subfield code="b">UNIPILB</subfield>
   <subfield code="c">SERIALS</subfield>
   <subfield code="e">20050405</subfield>
   <subfield code="h">Αλφαβητική σειρά</subfield>
   <subfield code="p">42066</subfield>
   <subfield code="q">42066</subfield>
   <subfield code="t">NOLOAN</subfield>
   <subfield code="v">vol.30;no.9:(Μήνας)September;(Έτος)2004</subfield>
   <subfield code="y">23</subfield>
  </datafield>
  <datafield tag="852" ind1=" " ind2=" ">
   <subfield code="a">INST</subfield>
   <subfield code="b">UNIPILB</subfield>
   <subfield code="c">SERIALS</subfield>
   <subfield code="e">20051129</subfield>
   <subfield code="h">Αλφαβητική σειρά</subfield>
   <subfield code="p">48853</subfield>
   <subfield code="q">48853</subfield>
   <subfield code="t">NOLOAN</subfield>
   <subfield code="v">vol.31;no.1:(Μήνας)January;(Έτος)2005</subfield>
   <subfield code="y">23</subfield>
  </datafield>
  <datafield tag="852" ind1=" " ind2=" ">
   <subfield code="a">INST</subfield>
   <subfield code="b">UNIPILB</subfield>
   <subfield code="c">SERIALS</subfield>
   <subfield code="e">20051129</subfield>
   <subfield code="h">Αλφαβητική σειρά</subfield>
   <subfield code="p">48854</subfield>
   <subfield code="q">48854</subfield>
   <subfield code="t">NOLOAN</subfield>
   <subfield code="v">vol.31;no.2:(Μήνας)February;(Έτος)2005</subfield>
   <subfield code="y">23</subfield>
  </datafield>
  <datafield tag="852" ind1=" " ind2=" ">
   <subfield code="a">INST</subfield>
   <subfield code="b">UNIPILB</subfield>
   <subfield code="c">SERIALS</subfield>
   <subfield code="e">20051129</subfield>
   <subfield code="h">Αλφαβητική σειρά</subfield>
   <subfield code="p">48855</subfield>
   <subfield code="q">48855</subfield>
   <subfield code="t">NOLOAN</subfield>
   <subfield code="v">vol.31;no.4:(Μήνας)April;(Έτος)2005</subfield>
   <subfield code="y">23</subfield>
  </datafield>
  <datafield tag="852" ind1=" " ind2=" ">
   <subfield code="a">INST</subfield>
   <subfield code="b">UNIPILB</subfield>
   <subfield code="c">SERIALS</subfield>
   <subfield code="e">20051129</subfield>
   <subfield code="h">Αλφαβητική σειρά</subfield>
   <subfield code="p">48856</subfield>
   <subfield code="q">48856</subfield>
   <subfield code="t">NOLOAN</subfield>
   <subfield code="v">vol.31;no.5:(Μήνας)May;(Έτος)2005</subfield>
   <subfield code="y">23</subfield>
  </datafield>
  <datafield tag="852" ind1=" " ind2=" ">
   <subfield code="a">INST</subfield>
   <subfield code="b">UNIPILB</subfield>
   <subfield code="c">SERIALS</subfield>
   <subfield code="e">20051129</subfield>
   <subfield code="h">Αλφαβητική σειρά</subfield>
   <subfield code="p">48857</subfield>
   <subfield code="q">48857</subfield>
   <subfield code="t">NOLOAN</subfield>
   <subfield code="v">vol.31;no.6:(Μήνας)June;(Έτος)2005</subfield>
   <subfield code="y">23</subfield>
  </datafield>
  <datafield tag="852" ind1=" " ind2=" ">
   <subfield code="a">INST</subfield>
   <subfield code="b">UNIPILB</subfield>
   <subfield code="c">SERIALS</subfield>
   <subfield code="e">20051129</subfield>
   <subfield code="h">Αλφαβητική σειρά</subfield>
   <subfield code="p">48858</subfield>
   <subfield code="q">48858</subfield>
   <subfield code="t">NOLOAN</subfield>
   <subfield code="v">vol.31;no.7:(Μήνας)July;(Έτος)2005</subfield>
   <subfield code="y">23</subfield>
  </datafield>
  <datafield tag="852" ind1=" " ind2=" ">
   <subfield code="a">INST</subfield>
   <subfield code="b">UNIPILB</subfield>
   <subfield code="c">SERIALS</subfield>
   <subfield code="e">20051129</subfield>
   <subfield code="h">Αλφαβητική σειρά</subfield>
   <subfield code="p">48859</subfield>
   <subfield code="q">48859</subfield>
   <subfield code="t">NOLOAN</subfield>
   <subfield code="v">vol.31;no.8:(Μήνας)August;(Έτος)2005</subfield>
   <subfield code="y">23</subfield>
  </datafield>
  <datafield tag="852" ind1=" " ind2=" ">
   <subfield code="a">INST</subfield>
   <subfield code="b">UNIPILB</subfield>
   <subfield code="c">SERIALS</subfield>
   <subfield code="e">20051129</subfield>
   <subfield code="h">Αλφαβητική σειρά</subfield>
   <subfield code="p">48860</subfield>
   <subfield code="q">48860</subfield>
   <subfield code="t">NOLOAN</subfield>
   <subfield code="v">vol.31;no.9:(Μήνας)September;(Έτος)2005</subfield>
   <subfield code="y">23</subfield>
  </datafield>
  <datafield tag="852" ind1=" " ind2=" ">
   <subfield code="a">INST</subfield>
   <subfield code="b">UNIPILB</subfield>
   <subfield code="c">SERIALS</subfield>
   <subfield code="e">20051216</subfield>
   <subfield code="h">Αλφαβητική σειρά</subfield>
   <subfield code="p">49209</subfield>
   <subfield code="q">49209</subfield>
   <subfield code="t">NOLOAN</subfield>
   <subfield code="v">vol.31;no.10:(Μήνας)October;(Έτος)2005</subfield>
   <subfield code="y">23</subfield>
  </datafield>
  <datafield tag="852" ind1=" " ind2=" ">
   <subfield code="a">INST</subfield>
   <subfield code="b">UNIPILB</subfield>
   <subfield code="c">SERIALS</subfield>
   <subfield code="e">20060209</subfield>
   <subfield code="h">Αλφαβητική σειρά</subfield>
   <subfield code="p">50197</subfield>
   <subfield code="q">50197</subfield>
   <subfield code="t">NOLOAN</subfield>
   <subfield code="v">vol.31;no.11:(Μήνας)November;(Έτος)2005</subfield>
   <subfield code="y">23</subfield>
  </datafield>
  <datafield tag="852" ind1=" " ind2=" ">
   <subfield code="a">INST</subfield>
   <subfield code="b">UNIPILB</subfield>
   <subfield code="c">SERIALS</subfield>
   <subfield code="e">20060316</subfield>
   <subfield code="h">Αλφαβητική σειρά</subfield>
   <subfield code="p">50887</subfield>
   <subfield code="q">50887</subfield>
   <subfield code="t">NOLOAN</subfield>
   <subfield code="v">vol.31;no.12:(Μήνας)December;(Έτος)2005</subfield>
   <subfield code="y">23</subfield>
  </datafield>
  <datafield tag="852" ind1=" " ind2=" ">
   <subfield code="a">INST</subfield>
   <subfield code="b">UNIPILB</subfield>
   <subfield code="c">SERIALS</subfield>
   <subfield code="e">20060803</subfield>
   <subfield code="h">Αλφαβητική σειρά</subfield>
   <subfield code="p">52234</subfield>
   <subfield code="q">52234</subfield>
   <subfield code="t">NOLOAN</subfield>
   <subfield code="v">vol.30;no.6:(Μήνας)June;(Έτος)2004</subfield>
   <subfield code="y">23</subfield>
  </datafield>
  <datafield tag="852" ind1=" " ind2=" ">
   <subfield code="a">INST</subfield>
   <subfield code="b">UNIPILB</subfield>
   <subfield code="c">SERIALS</subfield>
   <subfield code="e">20060803</subfield>
   <subfield code="h">Αλφαβητική σειρά</subfield>
   <subfield code="p">52235</subfield>
   <subfield code="q">52235</subfield>
   <subfield code="t">NOLOAN</subfield>
   <subfield code="v">vol.30;no.10:(Μήνας)October;(Έτος)2004</subfield>
   <subfield code="y">23</subfield>
  </datafield>
  <datafield tag="852" ind1=" " ind2=" ">
   <subfield code="a">INST</subfield>
   <subfield code="b">UNIPILB</subfield>
   <subfield code="c">SERIALS</subfield>
   <subfield code="e">20060803</subfield>
   <subfield code="h">Αλφαβητική σειρά</subfield>
   <subfield code="p">52236</subfield>
   <subfield code="q">52236</subfield>
   <subfield code="t">NOLOAN</subfield>
   <subfield code="v">vol.30;no.12:(Μήνας)December;(Έτος)2004</subfield>
   <subfield code="y">23</subfield>
  </datafield>
  <datafield tag="852" ind1=" " ind2=" ">
   <subfield code="a">INST</subfield>
   <subfield code="b">UNIPILB</subfield>
   <subfield code="c">SERIALS</subfield>
   <subfield code="e">20070911</subfield>
   <subfield code="h">Αλφαβητική σειρά</subfield>
   <subfield code="p">56956</subfield>
   <subfield code="q">56956</subfield>
   <subfield code="t">NOLOAN</subfield>
   <subfield code="v">vol.32;no.1:(Μήνας)January;(Έτος)2006</subfield>
   <subfield code="y">23</subfield>
  </datafield>
  <datafield tag="852" ind1=" " ind2=" ">
   <subfield code="a">INST</subfield>
   <subfield code="b">UNIPILB</subfield>
   <subfield code="c">SERIALS</subfield>
   <subfield code="e">20070911</subfield>
   <subfield code="h">Αλφαβητική σειρά</subfield>
   <subfield code="p">56957</subfield>
   <subfield code="q">56957</subfield>
   <subfield code="t">NOLOAN</subfield>
   <subfield code="v">vol.32;no.2:(Μήνας)February;(Έτος)2006</subfield>
   <subfield code="y">23</subfield>
  </datafield>
  <datafield tag="852" ind1=" " ind2=" ">
   <subfield code="a">INST</subfield>
   <subfield code="b">UNIPILB</subfield>
   <subfield code="c">SERIALS</subfield>
   <subfield code="e">20070911</subfield>
   <subfield code="h">Αλφαβητική σειρά</subfield>
   <subfield code="p">56958</subfield>
   <subfield code="q">56958</subfield>
   <subfield code="t">NOLOAN</subfield>
   <subfield code="v">vol.32;no.3:(Μήνας)March;(Έτος)2006</subfield>
   <subfield code="y">23</subfield>
  </datafield>
  <datafield tag="852" ind1=" " ind2=" ">
   <subfield code="a">INST</subfield>
   <subfield code="b">UNIPILB</subfield>
   <subfield code="c">SERIALS</subfield>
   <subfield code="e">20070911</subfield>
   <subfield code="h">Αλφαβητική σειρά</subfield>
   <subfield code="p">56959</subfield>
   <subfield code="q">56959</subfield>
   <subfield code="t">NOLOAN</subfield>
   <subfield code="v">vol.32;no.4:(Μήνας)April;(Έτος)2006</subfield>
   <subfield code="y">23</subfield>
  </datafield>
  <datafield tag="852" ind1=" " ind2=" ">
   <subfield code="a">INST</subfield>
   <subfield code="b">UNIPILB</subfield>
   <subfield code="c">SERIALS</subfield>
   <subfield code="e">20070911</subfield>
   <subfield code="h">Αλφαβητική σειρά</subfield>
   <subfield code="p">56960</subfield>
   <subfield code="q">56960</subfield>
   <subfield code="t">NOLOAN</subfield>
   <subfield code="v">vol.32;no.5:(Μήνας)May;(Έτος)2006</subfield>
   <subfield code="y">23</subfield>
  </datafield>
  <datafield tag="852" ind1=" " ind2=" ">
   <subfield code="a">INST</subfield>
   <subfield code="b">UNIPILB</subfield>
   <subfield code="c">SERIALS</subfield>
   <subfield code="e">20070911</subfield>
   <subfield code="h">Αλφαβητική σειρά</subfield>
   <subfield code="p">56961</subfield>
   <subfield code="q">56961</subfield>
   <subfield code="t">NOLOAN</subfield>
   <subfield code="v">vol.32;no.6:(Μήνας)June;(Έτος)2006</subfield>
   <subfield code="y">23</subfield>
  </datafield>
  <datafield tag="852" ind1=" " ind2=" ">
   <subfield code="a">INST</subfield>
   <subfield code="b">UNIPILB</subfield>
   <subfield code="c">SERIALS</subfield>
   <subfield code="e">20070911</subfield>
   <subfield code="h">Αλφαβητική σειρά</subfield>
   <subfield code="p">56962</subfield>
   <subfield code="q">56962</subfield>
   <subfield code="t">NOLOAN</subfield>
   <subfield code="v">vol.32;no.7:(Μήνας)July;(Έτος)2006</subfield>
   <subfield code="y">23</subfield>
  </datafield>
  <datafield tag="852" ind1=" " ind2=" ">
   <subfield code="a">INST</subfield>
   <subfield code="b">UNIPILB</subfield>
   <subfield code="c">SERIALS</subfield>
   <subfield code="e">20070911</subfield>
   <subfield code="h">Αλφαβητική σειρά</subfield>
   <subfield code="p">56963</subfield>
   <subfield code="q">56963</subfield>
   <subfield code="t">NOLOAN</subfield>
   <subfield code="v">vol.32;no.8:(Μήνας)August;(Έτος)2006</subfield>
   <subfield code="y">23</subfield>
  </datafield>
  <datafield tag="852" ind1=" " ind2=" ">
   <subfield code="a">INST</subfield>
   <subfield code="b">UNIPILB</subfield>
   <subfield code="c">SERIALS</subfield>
   <subfield code="e">20070911</subfield>
   <subfield code="h">Αλφαβητική σειρά</subfield>
   <subfield code="p">56964</subfield>
   <subfield code="q">56964</subfield>
   <subfield code="t">NOLOAN</subfield>
   <subfield code="v">vol.32;no.9:(Μήνας)September;(Έτος)2006</subfield>
   <subfield code="y">23</subfield>
  </datafield>
  <datafield tag="852" ind1=" " ind2=" ">
   <subfield code="a">INST</subfield>
   <subfield code="b">UNIPILB</subfield>
   <subfield code="c">SERIALS</subfield>
   <subfield code="e">20070911</subfield>
   <subfield code="h">Αλφαβητική σειρά</subfield>
   <subfield code="p">56965</subfield>
   <subfield code="q">56965</subfield>
   <subfield code="t">NOLOAN</subfield>
   <subfield code="v">vol.32;no.10:(Μήνας)October;(Έτος)2006</subfield>
   <subfield code="y">23</subfield>
  </datafield>
  <datafield tag="852" ind1=" " ind2=" ">
   <subfield code="a">INST</subfield>
   <subfield code="b">UNIPILB</subfield>
   <subfield code="c">SERIALS</subfield>
   <subfield code="e">20070911</subfield>
   <subfield code="h">Αλφαβητική σειρά</subfield>
   <subfield code="p">56966</subfield>
   <subfield code="q">56966</subfield>
   <subfield code="t">NOLOAN</subfield>
   <subfield code="v">vol.32;no.11:(Μήνας)November;(Έτος)2006</subfield>
   <subfield code="y">23</subfield>
  </datafield>
  <datafield tag="852" ind1=" " ind2=" ">
   <subfield code="a">INST</subfield>
   <subfield code="b">UNIPILB</subfield>
   <subfield code="c">SERIALS</subfield>
   <subfield code="e">20070911</subfield>
   <subfield code="h">Αλφαβητική σειρά</subfield>
   <subfield code="p">56967</subfield>
   <subfield code="q">56967</subfield>
   <subfield code="t">NOLOAN</subfield>
   <subfield code="v">vol.32;no.12:(Μήνας)December;(Έτος)2006</subfield>
   <subfield code="y">23</subfield>
  </datafield>
  <datafield tag="852" ind1=" " ind2=" ">
   <subfield code="a">INST</subfield>
   <subfield code="b">UNIPILB</subfield>
   <subfield code="c">SERIALS</subfield>
   <subfield code="e">20070913</subfield>
   <subfield code="h">Αλφαβητική σειρά</subfield>
   <subfield code="p">57111</subfield>
   <subfield code="q">57111</subfield>
   <subfield code="t">NOLOAN</subfield>
   <subfield code="v">vol.33;no.1:(Μήνας)January;(Έτος)2007</subfield>
   <subfield code="y">23</subfield>
  </datafield>
  <datafield tag="852" ind1=" " ind2=" ">
   <subfield code="a">INST</subfield>
   <subfield code="b">UNIPILB</subfield>
   <subfield code="c">SERIALS</subfield>
   <subfield code="e">20070913</subfield>
   <subfield code="h">Αλφαβητική σειρά</subfield>
   <subfield code="p">57112</subfield>
   <subfield code="q">57112</subfield>
   <subfield code="t">NOLOAN</subfield>
   <subfield code="v">vol.33;no.2:(Μήνας)February;(Έτος)2007</subfield>
   <subfield code="y">23</subfield>
  </datafield>
  <datafield tag="852" ind1=" " ind2=" ">
   <subfield code="a">INST</subfield>
   <subfield code="b">UNIPILB</subfield>
   <subfield code="c">SERIALS</subfield>
   <subfield code="e">20070913</subfield>
   <subfield code="h">Αλφαβητική σειρά</subfield>
   <subfield code="p">57113</subfield>
   <subfield code="q">57113</subfield>
   <subfield code="t">NOLOAN</subfield>
   <subfield code="v">vol.33;no.3:(Μήνας)March;(Έτος)2007</subfield>
   <subfield code="y">23</subfield>
  </datafield>
  <datafield tag="852" ind1=" " ind2=" ">
   <subfield code="a">INST</subfield>
   <subfield code="b">UNIPILB</subfield>
   <subfield code="c">SERIALS</subfield>
   <subfield code="e">20070913</subfield>
   <subfield code="h">Αλφαβητική σειρά</subfield>
   <subfield code="p">57114</subfield>
   <subfield code="q">57114</subfield>
   <subfield code="t">NOLOAN</subfield>
   <subfield code="v">vol.33;no.4:(Μήνας)April;(Έτος)2007</subfield>
   <subfield code="y">23</subfield>
  </datafield>
  <datafield tag="852" ind1=" " ind2=" ">
   <subfield code="a">INST</subfield>
   <subfield code="b">UNIPILB</subfield>
   <subfield code="c">SERIALS</subfield>
   <subfield code="e">20071019</subfield>
   <subfield code="h">Αλφαβητική σειρά</subfield>
   <subfield code="p">57701</subfield>
   <subfield code="q">57701</subfield>
   <subfield code="t">NOLOAN</subfield>
   <subfield code="v">vol.33;no.9:(Μήνας)September;(Έτος)2007</subfield>
   <subfield code="y">23</subfield>
  </datafield>
  <datafield tag="852" ind1=" " ind2=" ">
   <subfield code="a">INST</subfield>
   <subfield code="b">UNIPILB</subfield>
   <subfield code="c">SERIALS</subfield>
   <subfield code="e">20080107</subfield>
   <subfield code="h">Αλφαβητική σειρά</subfield>
   <subfield code="p">59250</subfield>
   <subfield code="q">59250</subfield>
   <subfield code="t">NOLOAN</subfield>
   <subfield code="v">vol.33;no.11:(Μήνας)November;(Έτος)2007</subfield>
   <subfield code="y">23</subfield>
  </datafield>
  <datafield tag="852" ind1=" " ind2=" ">
   <subfield code="a">INST</subfield>
   <subfield code="b">UNIPILB</subfield>
   <subfield code="c">SERIALS</subfield>
   <subfield code="e">20080107</subfield>
   <subfield code="h">Αλφαβητική σειρά</subfield>
   <subfield code="p">59251</subfield>
   <subfield code="q">59251</subfield>
   <subfield code="t">NOLOAN</subfield>
   <subfield code="v">vol.33;no.10:(Μήνας)October;(Έτος)2007</subfield>
   <subfield code="y">23</subfield>
  </datafield>
  <datafield tag="852" ind1=" " ind2=" ">
   <subfield code="a">INST</subfield>
   <subfield code="b">UNIPILB</subfield>
   <subfield code="c">SERIALS</subfield>
   <subfield code="e">20080108</subfield>
   <subfield code="h">Αλφαβητική σειρά</subfield>
   <subfield code="p">59308</subfield>
   <subfield code="q">59308</subfield>
   <subfield code="t">NOLOAN</subfield>
   <subfield code="v">vol.33;no.5:(Μήνας)May;(Έτος)2007</subfield>
   <subfield code="y">23</subfield>
  </datafield>
  <datafield tag="852" ind1=" " ind2=" ">
   <subfield code="a">INST</subfield>
   <subfield code="b">UNIPILB</subfield>
   <subfield code="c">SERIALS</subfield>
   <subfield code="e">20080108</subfield>
   <subfield code="h">Αλφαβητική σειρά</subfield>
   <subfield code="p">59309</subfield>
   <subfield code="q">59309</subfield>
   <subfield code="t">NOLOAN</subfield>
   <subfield code="v">vol.33;no.6:(Μήνας)June;(Έτος)2007</subfield>
   <subfield code="y">23</subfield>
  </datafield>
  <datafield tag="852" ind1=" " ind2=" ">
   <subfield code="a">INST</subfield>
   <subfield code="b">UNIPILB</subfield>
   <subfield code="c">SERIALS</subfield>
   <subfield code="e">20080108</subfield>
   <subfield code="h">Αλφαβητική σειρά</subfield>
   <subfield code="p">59310</subfield>
   <subfield code="q">59310</subfield>
   <subfield code="t">NOLOAN</subfield>
   <subfield code="v">vol.33;no.7:(Μήνας)July;(Έτος)2007</subfield>
   <subfield code="y">23</subfield>
  </datafield>
  <datafield tag="852" ind1=" " ind2=" ">
   <subfield code="a">INST</subfield>
   <subfield code="b">UNIPILB</subfield>
   <subfield code="c">SERIALS</subfield>
   <subfield code="e">20080108</subfield>
   <subfield code="h">Αλφαβητική σειρά</subfield>
   <subfield code="p">59311</subfield>
   <subfield code="q">59311</subfield>
   <subfield code="t">NOLOAN</subfield>
   <subfield code="v">vol.33;no.8:(Μήνας)August;(Έτος)2007</subfield>
   <subfield code="y">23</subfield>
  </datafield>
  <datafield tag="852" ind1=" " ind2=" ">
   <subfield code="a">INST</subfield>
   <subfield code="b">UNIPILB</subfield>
   <subfield code="c">SERIALS</subfield>
   <subfield code="e">20080110</subfield>
   <subfield code="h">Αλφαβητική σειρά</subfield>
   <subfield code="p">59403</subfield>
   <subfield code="q">59403</subfield>
   <subfield code="t">NOLOAN</subfield>
   <subfield code="v">vol.33;no.12:(Μήνας)December;(Έτος)2007</subfield>
   <subfield code="y">23</subfield>
  </datafield>
  <datafield tag="856" ind1="4" ind2="1">
   <subfield code="u">http://ieeexplore.ieee.org/xpl/RecentIssue.jsp?punumber=32</subfield>
  </datafield>
  <datafield tag="900" ind1=" " ind2=" ">
   <subfield code="a">Vol. 34 no. 1 (January 2008)</subfield>
   <subfield code="b">Οφειλόμενο</subfield>
   <subfield code="c">02/12/2008</subfield>
  </datafield>
  <datafield tag="900" ind1=" " ind2=" ">
   <subfield code="a">Vol. 30 no. 5 (May 2004)</subfield>
   <subfield code="b">Οφειλόμενο</subfield>
   <subfield code="c">07/11/2005</subfield>
  </datafield>
  <datafield tag="900" ind1=" " ind2=" ">
   <subfield code="a">Vol. 30 no. 11 (November 2004)</subfield>
   <subfield code="b">Οφειλόμενο</subfield>
   <subfield code="c">07/03/2006</subfield>
  </datafield>
  <datafield tag="900" ind1=" " ind2=" ">
   <subfield code="a">Vol. 31 no. 3 (March 2005)</subfield>
   <subfield code="b">Οφειλόμενο</subfield>
   <subfield code="c">02/07/2006</subfield>
  </datafield>
  <datafield tag="950" ind1=" " ind2=" ">
   <subfield code="a">01/01/2003</subfield>
   <subfield code="c">ANACO Κ. ΑΝΑΓΝΩΣΤΟΥ Ε.Π.Ε., ΜΗΧΑΝΗΜΑΤΑ ΚΑΙ ΣΥΣΤΗΜΑΤΑ ΟΡΓΑΝΩΣΗΣ ΓΡΑΦΕΙΟΥ</subfield>
   <subfield code="d">71</subfield>
  </datafield>
  <datafield tag="951" ind1=" " ind2=" ">
   <subfield code="a">Vol. 33 no. 1 (January 2007) - Vol. 33 no. 12 (December 2007)</subfield>
   <subfield code="b">Main run</subfield>
  </datafield>
  <datafield tag="951" ind1=" " ind2=" ">
   <subfield code="a">Vol.20, no.5(May 1994) -  (v.25, no.6(Nov./Dec. 1999)</subfield>
   <subfield code="b">Main run</subfield>
  </datafield>
  <datafield tag="951" ind1=" " ind2=" ">
   <subfield code="a">Vol. 29 no. 1 (January 2003) - Vol. 29 no. 12 (December 2003)</subfield>
   <subfield code="b">Main run</subfield>
  </datafield>
  <datafield tag="951" ind1=" " ind2=" ">
   <subfield code="a">Vol. 30 no. 1 (January 2004) - Vol. 30 no. 4 (April 2004)</subfield>
   <subfield code="b">Main run</subfield>
  </datafield>
  <datafield tag="951" ind1=" " ind2=" ">
   <subfield code="a">Vol. 30 no. 6 (June 2004) - Vol. 30 no. 10 (October 2004)</subfield>
   <subfield code="b">Main run</subfield>
  </datafield>
  <datafield tag="951" ind1=" " ind2=" ">
   <subfield code="a">Vol. 30 no. 12 (December 2004)</subfield>
   <subfield code="b">Main run</subfield>
  </datafield>
  <datafield tag="951" ind1=" " ind2=" ">
   <subfield code="a">Vol. 31 no. 1 (January 2005) - Vol. 31 no. 2 (February 2005)</subfield>
   <subfield code="b">Main run</subfield>
  </datafield>
  <datafield tag="951" ind1=" " ind2=" ">
   <subfield code="a">Vol. 31 no. 4 (April 2005) - Vol. 31 no. 12 (December 2005)</subfield>
   <subfield code="b">Main run</subfield>
  </datafield>
  <datafield tag="951" ind1=" " ind2=" ">
   <subfield code="a">Vol. 32 no. 1 (January 2006) - Vol. 32 no. 12 (December 2006)</subfield>
   <subfield code="b">Main run</subfield>
  </datafield>
  <datafield tag="952" ind1=" " ind2=" ">
   <subfield code="a">20(1-4)1994, 23(1-12)1997</subfield>
  </datafield>
 </record>
</collection>
